LEADER 01043nam a2200229 i 4500 001 000000198572 003 CaOOAMICUS 005 20110307000000.0 008 110307s1963 it u000 u fre u 013 $a177260 040 $aSeMil$bita 100 1 $aPascal, Pierre,$d<1890-1983>.$0(OLS)http://semarc/name/22652 245 10$aAvvakum et les débuts du Raskol /$cPierre Pascal. 260 $aParis ; La Haye :$bMouton,$ccopyr. 1963. 300 $aXXV, 623 p. ;$c24 cm. 490 0 $aÉtudes sur l'histoire, l'économie et la sociologie des pays slaves ;$v8. 600 14$aAvvakum, Petrovi? .$0(OLS)http://semarc/subject/37300 830 0$aÉtudes sur l'histoire, l'économie et la sociologie des pays slaves ;$v8.$0(OLS)http://semarc/title/32932 850 $aSeMil 852 $aSeMil$W1$xVenegono$y1$m3F IV 732$j243530$B149128$CSeMilBibl$Z2$F160534 $81 996 $6245$aAvvakum et les débuts du Raskol$9(OLS)http://semarc/title/286984 996 $6260$aParis ; La Haye :$bMouton$9(OLS)http://semarc/publisher/32022 LEADER 01123nam a2200229 i 4500 001 000000048605 003 CaOOAMICUS 005 20000129000000.0 008 000129n xx u000 u lat u 013 $a19775 040 $aSeMil$bita 245 10$aQQ. 8-20. 300 $a[215]-589 p. 650 4$aFilosofia medievale - Testi.$0(OLS)http://semarc/subject/6580 650 4$aVerità.$0(OLS)http://semarc/subject/2559 700 0 $aTommaso : d'Aquino,$c.$0(OLS)http://semarc/name/423 710 2 $aDomenicani$c.$0(OLS)http://semarc/name/1069 773 0 $aTommaso : d'Aquino $tSancti Thomae de Aquino Opera omnia.$dRomae : Ex Typographia polyglotta S. C. de Propaganda fide : [poi]... Typis R. Garroni : [poi]...apud sedem Commissionis Leoninae, 1882.$gTomus22$w()1323 773 0 $aTommaso : d'Aquino $tQuaestiones disputatae de veritate.$dParis : Les Éditions du Cerf, 1970-1976.$g2$w()3417 850 $aSeMil 852 $aSeMil$W1$xVenegono$y1$mSL1.V VIII 24/2$j14760$B14760$CSeMilBibl$Z2$F14760 $8I 996 $6245$aQQ. 8-20$9(OLS)http://semarc/title/73586